Culture Générale - Série 2131 - Statistiques

Statistiques générales
  • Ce quiz a été pris 130 fois
  • Le résultat moyen est 6 sur 10
Statistiques - réponses
Question Réponse % Correct
Quel poussin noir animé des années 60-70 a pour phrase fétiche « C'est vraiment trop inzuste ! » Calimero
89%
Quel médecin autrichien est le fondateur de la psychanalyse ? prénom et nom Sigmund Freud
83%
De quelle ville Crockett et Tubbs sont-ils les "Deux Flics" ? Miami
82%
Dans "le Corniaud", de Gérard Oury, que désigne le Youkounkoun ? diamant
62%
Qu'est-ce que le Walhalla dans la mythologie nord-germanique ? paradis
60%
Quel autre nom donne-t-on au cochon d'Inde ? cobaye
50%
De quel prénom russe, Sacha est-il le diminutif ? Alexandre
47%
Qui a écrit le poème : "Pour faire le portrait d'un oiseau" ? prénom et nom Jacques Prévert
46%
Quel pilote automobile a fondé le rallye Paris-Dakar et l'Enduro du Touquet ? prénom et nom Thierry Sabine
38%
Quel mythique entraîneur du club de football de l'AS St-Etienne était surnommé le Sphinx ? prénom et nom - voir photo Robert Herbin
31%
Aucun quiz correspondant
Distribution des résultats
% des personnes avec chaque résultat
Percentile par nombre de réponses
Votre historique - résultats
Vous n’avez pas pris ce quiz